000 00943nam a22003017a 4500
001 BR0405552
003 BR-BrBNA
005 20230928101801.0
007 ta
008 230509b bl.||||| |||| 00| 0 por d
040 _aBR-BrBNA
_bpor
_cBiblioteca Nacional de Agricultura
041 _a(Por)
072 _aN20; T10; C20
_b4510
090 _ 4510 BR0405552
110 1 _aMinistério da Justiça, Brasília, DF (Brasil)
_97431
110 1 _aMinistério do Trabalho e Emprego, Brasília, DF (Brasil)
_97155
245 1 _aPequeno proprietário rural; programa de prevenção de acidentes e doenças dos trabalhadores do setor de transportes
260 3 _aBrasília, DF (Brasil):
_c[nd].
300 _a16 p.
500 _a20 illus.
650 _aTRATOR
650 _aPEQUENO PRODUTOR
650 _aPREVENÇÃO DE ACIDENTE
650 _aSAÚDE
650 _aEXTENSÃO RURAL
909 _a202309
_bLucia
_c55
_dLucia Elande
942 _cBK
999 _c67561
_d67561